000 00712nam a2200193 i 4500
001 138547
003 ES-MaACL
005 20230906195603.0
007 t|
008 070214s1968 sp r ||||1| spa d
100 1 _aSansegundo, León E.
_9103217
245 1 3 _aLa oración de la familia /
_cLeón E. Sansegundo Valls... ; prólogo... por el P. Don Gabriel Mª Brasó Tulla.
260 _aMadrid :
_bPropaganda Popular Católica,
_c1968.
300 _a511 p. ;
_c20 cm.
500 _aPrecede al tít.: Plegarias bíblico-litúrgicas para hogares, comunidades y grupos apostólicos.
650 0 4 _aOraciones.
_915730
700 1 _aBrasó Tulla, Gabriel María.
_931389
852 _aES-MaACL
_jC-50483
_bR.68428
999 _c138547
_d138547